000 00737nam a2200241Ia 4500
003 OSt
005 20220918191644.0
006 a|||||r|||| 00| 0
007 ta
008 220917b |||||||| |||| 00| 0 eng d
024 _a64,532
037 _cTextual
040 _aARTS
_cARTS
_beng
041 _2eng
_aeng
082 _aO111,2J64:9(P), K4
100 _aPartridge A C.
_958504
245 0 _aOrthography in Shakespeare and Elizabethan drama
_b A study of colloquial contrations, elision, prosody and punctuation
260 _aLondon
_bEdward arnold UK
_c1964
300 _a200p.
_ccm.
650 _aENGLISH LITERATURE
942 _hO111,2J64:9(P), K4
_cTEXL
_2CC
999 _c190950
_d190950